<?xml version="1.0" encoding="UTF-8"?>
<collection xmlns="http://www.loc.gov/MARC21/slim">
<record>
  <controlfield tag="001">110982</controlfield>
  <controlfield tag="005">20220309093104.0</controlfield>
  <datafield tag="037" ind1=" " ind2=" ">
    <subfield code="a">TAZ-TFM-2020-731</subfield>
  </datafield>
  <datafield tag="041" ind1=" " ind2=" ">
    <subfield code="a">spa</subfield>
  </datafield>
  <datafield tag="100" ind1="1" ind2=" ">
    <subfield code="a">Romagosa Sánchez-Monge, Inés</subfield>
  </datafield>
  <datafield tag="242" ind1="0" ind2="0">
    <subfield code="a">Risk factors for recurrence in children with a history of febrile seizures</subfield>
  </datafield>
  <datafield tag="245" ind1="0" ind2="0">
    <subfield code="a">Factores de riesgo de recurrencia en niños con antecedentes de crisis convulsivas febriles</subfield>
  </datafield>
  <datafield tag="260" ind1=" " ind2=" ">
    <subfield code="a">Zaragoza</subfield>
    <subfield code="b">Universidad de Zaragoza</subfield>
    <subfield code="c">2020</subfield>
  </datafield>
  <datafield tag="500" ind1=" " ind2=" ">
    <subfield code="a">Resumen disponible también en inglés</subfield>
  </datafield>
  <datafield tag="506" ind1=" " ind2=" ">
    <subfield code="a">by-nc-sa</subfield>
    <subfield code="b">Creative Commons</subfield>
    <subfield code="c">3.0</subfield>
    <subfield code="u">http://creativecommons.org/licenses/by-nc-sa/3.0/</subfield>
  </datafield>
  <datafield tag="520" ind1=" " ind2=" ">
    <subfield code="a">Introducción: Las Crisis Febriles son el trastorno convulsivo más frecuente en Pediatría. Suelen ser procesos benignos con una recurrencia media del 30-35% y un riesgo de epilepsia alrededor del 2%. Provocan pánico en los padres por lo que es importante investigar qué factores se asocian a recurrencia en nuestra población.&lt;br />Objetivo: Principal: Analizar múltiples variables buscando factores de riesgo de recurrencia. Secundarios: Describir las características clínicas, epidemiológicas y sistemática de actuación en estos pacientes, incluyendo la valoración de diversas pruebas complementarias.&lt;br />Material y métodos: Estudio longitudinal, retrospectivo y observacional de características de pacientes que sufrieron crisis convulsivas febriles atendidas en Urgencias del Hospital Materno-Infantil Miguel Servet de enero a diciembre del 2019.&lt;br />Resultados: N=111 pacientes(con 144 crisis). El 54,05% de nuestros pacientes fueron varones y el 45,95% mujeres y la mediana de edad de 1,9años(RI 1,77). Las características más frecuentes de las crisis fueron primariamente generalizadas(97,2%), tónico-clónicas(49,7%), de duración menor a 15 minutos(87,2%) y simples(73,8%). Un 28,8% de los pacientes presentaron recurrieron en siguientes procesos febriles. De todos las variables analizadas, la menor edad fue la única que se asoció con la repetición de crisis(p=0,04); sin embargo nuestro estudio con redes neuronales mostraba un patrón predecible de repetición de crisis.  &lt;br />Conclusiones: Los factores de riesgo de sufrir episodios convulsivos en la población general no parecen estar claramente asociados a un mayor riesgo de repetición. Ante un episodio de convulsión febril la menor edad se asocia a riesgo de recurrencia. Son necesarios más estudios para determinar dichas asociaciones.&lt;br />&lt;br /></subfield>
  </datafield>
  <datafield tag="521" ind1=" " ind2=" ">
    <subfield code="a">Máster Universitario en Condicionantes Genéticos, Nutricionales y Ambientales del Crecimiento y Desarrollo</subfield>
  </datafield>
  <datafield tag="540" ind1=" " ind2=" ">
    <subfield code="a">Derechos regulados por licencia Creative Commons</subfield>
  </datafield>
  <datafield tag="700" ind1=" " ind2=" ">
    <subfield code="a">Gómez Barrena, Virginia</subfield>
    <subfield code="e">dir.</subfield>
  </datafield>
  <datafield tag="700" ind1=" " ind2=" ">
    <subfield code="a">Jesús Fleta Zaragozano</subfield>
    <subfield code="e">dir.</subfield>
  </datafield>
  <datafield tag="710" ind1="2" ind2=" ">
    <subfield code="a">Universidad de Zaragoza</subfield>
    <subfield code="b">Fisiatría y Enfermería</subfield>
    <subfield code="c"></subfield>
  </datafield>
  <datafield tag="856" ind1="0" ind2=" ">
    <subfield code="f">650285@unizar.es</subfield>
  </datafield>
  <datafield tag="856" ind1="4" ind2=" ">
    <subfield code="s">1135547</subfield>
    <subfield code="u">http://zaguan.unizar.es/record/110982/files/TAZ-TFM-2020-731.pdf</subfield>
    <subfield code="y">Memoria (spa)</subfield>
  </datafield>
  <datafield tag="909" ind1="C" ind2="O">
    <subfield code="o">oai:zaguan.unizar.es:110982</subfield>
    <subfield code="p">driver</subfield>
    <subfield code="p">trabajos-fin-master</subfield>
  </datafield>
  <datafield tag="950" ind1=" " ind2=" ">
    <subfield code="a"></subfield>
  </datafield>
  <datafield tag="980" ind1=" " ind2=" ">
    <subfield code="a">TAZ</subfield>
    <subfield code="b">TFM</subfield>
    <subfield code="c">MED</subfield>
  </datafield>
  <datafield tag="999" ind1=" " ind2=" ">
    <subfield code="a">20200706154337.CREATION_DATE</subfield>
  </datafield>
  <datafield tag="951" ind1=" " ind2=" ">
    <subfield code="a">deposita:2022-03-09</subfield>
  </datafield>
</record>
</collection>